[Event "Moscow Aeroflot op-A"]
[Site "Moscow"]
[Date "2024.03.03"]
[Round "2"]
[White "Zemlyanskii, Ivan"]
[Black "Kolesnikov, Evgeny"]
[Result "1-0"]
[WhiteElo "2529"]
[BlackElo "2362"]
[PlyCount "81"]
[EventDate "2024.03.03"]
[EventType "swiss"]
[EventRounds "9"]
[EventCountry "RUS"]
[SourceTitle "CB11_2024"]
[SourceDate "2024.03.13"]
[SourceVersion "1"]
[SourceVersionDate "2024.03.13"]
[SourceQuality "1"]

1. e4 c6 2. d4 d5 3. e5 Bf5 4. h4 h5 5. Bd3 Bxd3 6. Qxd3 e6 7. Nf3 Nh6 8. Bg5 Qb6 9. Nbd2 Nf5 10. 0-0 Be7 11. Bxe7 Nxe7 12. c4 Nf5 13. Rfe1 Nd7 14. b3 Nf8 15. g3 Ng6 16. c5 Qc7 17. b4 a6 18. a4 Nge7 19. Kg2 Rh6 20. b5 Rg6 21. Ng5 Qa5 22. b6 Qb4 23. Ndf3 Rd8 24. a5 Kd7 25. Reb1 Qc4 26. Qd2 f6 27. Nf7 Rf8 28. Nd6 Nxd6 29. exd6 Nf5 30. Kh2 Rg4 31. Rb4 Nxd4 32. Nxd4 Qxc5 33. Nxe6 Kxe6 34. Rxg4 hxg4 35. Re1+ Kf7 36. Re7+ Kg8 37. Qf4 Rd8 38. Rxb7 Rxd6 39. Rc7 Rd8 40. b7 Qf8 41. Qf5 1-0

[Event "St Petersburg Blitz 2023"]
[Site "St Petersburg"]
[Date "2023.08.25"]
[Round "4"]
[White "Makarian, Rudik"]
[Black "Kolesnikov, Evgeny"]
[Result "1-0"]
[WhiteElo "2548"]
[BlackElo "2362"]
[PlyCount "79"]
[EventDate "2023.08.25"]
[EventType "game (blitz)"]
[EventRounds "11"]
[EventCountry "RUS"]
[SourceTitle "EXT 2024"]
[Source "ChessBase"]
[SourceDate "2023.10.10"]
[SourceVersion "1"]
[SourceVersionDate "2023.10.10"]
[SourceQuality "1"]

1. d4 d5 2. c4 e6 3. Nf3 c6 4. b3 Bb4+ 5. Nbd2 Nf6 6. g3 0-0 7. Bg2 Nbd7 8. 0-0 b6 9. Bb2 Bb7 10. Qc2 Rc8 11. a3 Bd6 12. b4 c5 13. dxc5 bxc5 14. b5 d4 15. a4 e5 16. Ne1 Bxg2 17. Nxg2 Re8 18. e3 Nf8 19. a5 Qd7 20. a6 Qh3 21. f3 e4 22. Nxe4 Rxe4 23. fxe4 Ng4 24. Nf4 Bxf4 25. exf4 Ne3 26. Qe2 Nxf1 27. Rxf1 Nd7 28. e5 Nb6 29. f5 Re8 30. Ba3 Nd7 31. e6 fxe6 32. Qe4 Nf6 33. Qg2 Qh5 34. Bxc5 exf5 35. h3 d3 36. Bxa7 Re2 37. Bf2 Ne4 38. a7 Qe8 39. b6 Qc6 40. Ra1 1-0

[Event "Moscow op-A 19th"]
[Site "Moscow"]
[Date "2023.07.20"]
[Round "5"]
[White "Kolesnikov, Evgeny"]
[Black "Zakirov, Musa"]
[Result "1-0"]
[WhiteElo "2367"]
[BlackElo "2098"]
[PlyCount "75"]
[EventDate "2023.07.17"]
[EventType "swiss"]
[EventRounds "9"]
[EventCountry "RUS"]
[SourceTitle "CBM 215 Extra"]
[Source "ChessBase"]
[SourceDate "2023.09.30"]
[SourceVersion "1"]
[SourceVersionDate "2023.09.30"]
[SourceQuality "1"]

1. d4 d5 2. c4 dxc4 3. e4 e5 4. Nf3 exd4 5. Bxc4 Nc6 6. 0-0 Be6 7. Bb5 Bc5 8. b4 Bb6 9. a4 a6 10. Bxc6+ bxc6 11. a5 Ba7 12. Bb2 Nf6 13. Bxd4 Bxd4 14. Nxd4 Qd6 15. Nxe6 Qxe6 16. Nd2 0-0 17. Qc2 Rab8 18. Rab1 Rfd8 19. Rfc1 h5 20. f3 h4 21. Nf1 Rd6 22. Qc4 Qe5 23. Qc5 Nd7 24. Qa7 h3 25. Qe3 Qe6 26. f4 Nf6 27. e5 hxg2 28. Ng3 Rbd8 29. f5 Qe8 30. Re1 Rd3 31. Qg5 Nh7 32. Qh5 R3d5 33. Re4 Rxe5 34. Rh4 Qd7 35. Qxh7+ Kf8 36. Qh8+ Ke7 37. Qxg7 Qd6 38. Qxe5+ 1-0

[Event "Moscow Aeroflot op-B 18th"]
[Site "Moscow"]
[Date "2019.02.24"]
[Round "5"]
[White "Konaplev, Anton"]
[Black "Kolesnikov, Evgeny"]
[Result "1-0"]
[WhiteElo "2330"]
[BlackElo "2395"]
[PlyCount "55"]
[EventDate "2019.02.20"]
[EventType "swiss"]
[EventRounds "9"]
[EventCountry "RUS"]
[SourceTitle "CBM 189 Extra"]
[Source "ChessBase"]
[SourceDate "2019.06.03"]
[SourceVersion "1"]
[SourceVersionDate "2019.06.03"]
[SourceQuality "1"]

1. d4 d5 2. c4 e6 3. Nc3 Be7 4. cxd5 exd5 5. Bf4 c6 6. e3 Bf5 7. g4 Be6 8. h3 Nf6 9. Bd3 h5 10. g5 Ne4 11. h4 Qa5 12. Qc2 Na6 13. Qb3 Nb4 14. Bb1 c5 15. Nge2 c4 16. Qd1 Bg4 17. Kf1 Bf5 18. Kg2 Nd3 19. Bxd3 cxd3 20. Qxd3 Ng3 21. e4 Nxe4 22. Qb5+ Qxb5 23. Nxb5 0-0 24. f3 a6 25. Nc7 Rac8 26. Rhc1 Nd6 27. Nxd5 Rfe8 28. Ng3 1-0

[Event "Sibiria Region-chT"]
[Site "Berdsk"]
[Date "2008.11.29"]
[Round "2"]
[White "Kolesnikov, Evgeny"]
[Black "Kljucharev, Sergey"]
[Result "1-0"]
[WhiteElo "2410"]
[BlackElo "2407"]
[PlyCount "79"]
[EventDate "2008.11.28"]
[EventType "team-swiss"]
[EventRounds "7"]
[EventCountry "RUS"]
[SourceTitle "EXT 2010"]
[Source "ChessBase"]
[SourceDate "2010.11.25"]
[SourceVersion "1"]
[SourceVersionDate "2010.11.25"]
[SourceQuality "1"]

1. d4 d5 2. c4 e6 3. Nc3 Be7 4. Nf3 Nf6 5. Bg5 0-0 6. e3 h6 7. Bh4 b6 8. Bd3 Bb7 9. 0-0 c5 10. Qe2 cxd4 11. exd4 Nc6 12. cxd5 Nxd5 13. Qe4 g6 14. Bxe7 Ncxe7 15. Ne5 Rb8 16. Qg4 Nf6 17. Qf4 Kg7 18. Rad1 Ned5 19. Qd2 Nxc3 20. bxc3 Rc8 21. Rfe1 Qd5 22. f3 Qa5 23. Rc1 Nd5 24. Be4 Ba8 25. Bxd5 Bxd5 26. Ng4 g5 27. h4 f6 28. hxg5 hxg5 29. f4 f5 30. Ne3 Rh8 31. Nxd5 Qxd5 32. Re5 Qd6 33. Rce1 Rh6 34. fxg5 Rg6 35. Qe3 Rc7 36. d5 exd5 37. Qd4 Rc4 38. Re7+ Kg8 39. Re8+ Kf7 40. Qxd5+ 1-0

[Event "Sibiria Region-chT"]
[Site "Berdsk"]
[Date "2008.11.28"]
[Round "1"]
[White "Kirillov, Pavel"]
[Black "Kolesnikov, Evgeny"]
[Result "0-1"]
[WhiteElo "2249"]
[BlackElo "2410"]
[PlyCount "76"]
[EventDate "2008.11.28"]
[EventType "team-swiss"]
[EventRounds "7"]
[EventCountry "RUS"]
[SourceTitle "EXT 2010"]
[Source "ChessBase"]
[SourceDate "2010.11.25"]
[SourceVersion "1"]
[SourceVersionDate "2010.11.25"]
[SourceQuality "1"]

1. e4 c5 2. c3 d5 3. exd5 Qxd5 4. d4 Nf6 5. Nf3 e6 6. Be2 cxd4 7. cxd4 Nc6 8. 0-0 Be7 9. Nc3 Qd6 10. a3 0-0 11. Be3 b6 12. b4 Bb7 13. Qb3 Rac8 14. h3 Rfd8 15. Rfd1 Bf8 16. Bg5 Ne7 17. Ne5 Nf5 18. Nb5 Qb8 19. Bc4 Nxd4 20. Rxd4 Rxd4 21. Bxf6 Rdxc4 22. Nxc4 gxf6 23. Rd1 Bd5 24. Rd4 f5 25. Nc3 Bb7 26. Nb5 Bg7 27. Rh4 Bd5 28. Nc3 b5 29. Nxd5 bxc4 30. Rxc4 exd5 31. Rxc8+ Qxc8 32. Qxd5 Qc1+ 33. Kh2 Qf4+ 34. Kg1 Bd4 35. Qa2 Qc1+ 36. Kh2 Qe1 37. Kg3 Qe5+ 38. Kh4 Qf4+ 0-1

[Event "Sibiria Region-ch"]
[Site "Novokuznetsk"]
[Date "2008.03.21"]
[Round "9"]
[White "Iskusnyh, Sergei"]
[Black "Kolesnikov, Evgeny"]
[Result "1/2-1/2"]
[WhiteElo "2478"]
[BlackElo "2370"]
[PlyCount "97"]
[EventDate "2008.03.13"]
[EventType "swiss"]
[EventRounds "9"]
[EventCountry "RUS"]
[SourceTitle "CBM 123 Extra"]
[Source "ChessBase"]
[SourceDate "2008.05.06"]
[SourceVersion "1"]
[SourceVersionDate "2008.05.06"]
[SourceQuality "1"]

1. d4 d5 2. c4 e6 3. Nf3 Nf6 4. g3 Be7 5. Bg2 0-0 6. 0-0 c6 7. Qc2 b6 8. b3 Nbd7 9. Rd1 Ba6 10. a4 Rc8 11. Bb2 c5 12. Na3 Qc7 13. Nb5 Qb8 14. Ne5 cxd4 15. Nxd7 Nxd7 16. Bxd4 Bf6 17. Qa2 dxc4 18. bxc4 Bxd4 19. Rxd4 Nc5 20. Rb1 Rfd8 21. e3 Bb7 22. a5 Bxg2 23. Kxg2 Nd3 24. axb6 axb6 25. Qa6 Ne5 26. Nd6 Rc6 27. c5 Rxc5 28. Rxb6 Qc7 29. Nb7 Rb8 30. Rbd6 Rc6 31. Qa5 Qxa5 32. Nxa5 Rxd6 33. Rxd6 g6 34. Nc6 Nxc6 35. Rxc6 h5 36. Rc2 Kg7 37. f4 f5 38. Kf3 Kf6 39. Rc3 Rb2 40. h3 Rh2 41. h4 Ra2 42. e4 fxe4+ 43. Kxe4 Ra4+ 44. Ke3 Rb4 45. Kf3 Ra4 46. Re3 Rb4 47. g4 hxg4+ 48. Kxg4 Rb1 49. Re5 1/2-1/2

[Event "Sibiria Region-ch"]
[Site "Novokuznetsk"]
[Date "2008.03.14"]
[Round "2"]
[White "Kolesnikov, Evgeny"]
[Black "Barlakov, Arsalan"]
[Result "1-0"]
[WhiteElo "2370"]
[BlackElo "2263"]
[PlyCount "113"]
[EventDate "2008.03.13"]
[EventType "swiss"]
[EventRounds "9"]
[EventCountry "RUS"]
[SourceTitle "CBM 123 Extra"]
[Source "ChessBase"]
[SourceDate "2008.05.06"]
[SourceVersion "1"]
[SourceVersionDate "2008.05.06"]
[SourceQuality "1"]

1. d4 Nf6 2. c4 e6 3. Nc3 Bb4 4. e3 0-0 5. Bd3 d5 6. Nf3 c5 7. 0-0 dxc4 8. Bxc4 Nbd7 9. a3 cxd4 10. exd4 Bxc3 11. bxc3 Qc7 12. Qe2 b6 13. Bd2 Bb7 14. Bd3 Rac8 15. Rac1 Rfe8 16. Rfe1 Nd5 17. Qe4 N5f6 18. Qh4 Bxf3 19. gxf3 Nf8 20. Qg3 Qe7 21. Ba6 Rb8 22. a4 Ng6 23. c4 Nh5 24. Qg4 Nf6 25. Qg5 h6 26. Qe3 Nh5 27. Kh1 Red8 28. Rcd1 Qh4 29. Bb4 Nhf4 30. Rg1 Qf6 31. Bc3 Nh3 32. Rg3 Qf5 33. d5 e5 34. Be1 Ng5 35. Bc3 f6 36. c5 Nf4 37. c6 Qc2 38. Rgg1 Ngh3 39. Rd2 Qxa4 40. Ra1 Qb3 41. c7 Nxd5 42. cxb8Q Rxb8 43. Qe4 Qxc3 44. Qxd5+ Kh8 45. Rad1 Nf4 46. Qe4 Ne6 47. Bc4 Nd4 48. Rxd4 exd4 49. Bd3 Kg8 50. Rg1 Kf8 51. Qh7 g5 52. Qh8+ Kf7 53. Qxb8 Qxd3 54. Qxa7+ Kg6 55. Qb7 f5 56. Re1 Kh5 57. Kg2 1-0

[Event "Alushta 01"]
[Site "Alushta"]
[Date "2007.09.??"]
[Round "8"]
[White "Harutjunyan, Gevorg"]
[Black "Kolesnikov, Evgeny"]
[Result "1-0"]
[WhiteElo "2387"]
[BlackElo "2383"]
[PlyCount "59"]
[EventDate "2007.09.??"]
[EventType "tourn"]
[EventRounds "15"]
[EventCountry "UKR"]
[EventCategory "6"]
[SourceTitle "EXT 2009"]
[Source "ChessBase"]
[SourceDate "2008.11.26"]
[SourceVersion "1"]
[SourceVersionDate "2008.11.26"]
[SourceQuality "1"]

1. e4 c5 2. Nf3 e6 3. d4 cxd4 4. Nxd4 a6 5. c4 Nf6 6. Bd3 Qc7 7. 0-0 d6 8. b3 Nbd7 9. Bb2 g6 10. Nc3 Bg7 11. Rc1 0-0 12. Bb1 b6 13. f4 Bb7 14. Qe2 Rfe8 15. Nf3 Nh5 16. g3 f5 17. b4 Rac8 18. Qd2 Nhf6 19. Rfe1 Qb8 20. a3 Rxc4 21. exf5 gxf5 22. Ba2 Ne4 23. Nxe4 Rxc1 24. Qxc1 Bxb2 25. Qxb2 Bxe4 26. Ng5 d5 27. Rxe4 fxe4 28. Nxe6 Re7 29. Bxd5 Qd6 30. Qd4 1-0

[Event "Alushta 01"]
[Site "Alushta"]
[Date "2007.09.??"]
[Round "12"]
[White "Kolesnikov, Evgeny"]
[Black "Ajrapetjan, Yuriy"]
[Result "1-0"]
[WhiteElo "2383"]
[BlackElo "2387"]
[PlyCount "47"]
[EventDate "2007.09.??"]
[EventType "tourn"]
[EventRounds "15"]
[EventCountry "UKR"]
[EventCategory "6"]
[SourceTitle "EXT 2009"]
[Source "ChessBase"]
[SourceDate "2008.11.26"]
[SourceVersion "1"]
[SourceVersionDate "2008.11.26"]
[SourceQuality "1"]

1. d4 Nf6 2. c4 g6 3. Nc3 d5 4. cxd5 Nxd5 5. e4 Nxc3 6. bxc3 Bg7 7. Nf3 0-0 8. Be2 b6 9. 0-0 Bb7 10. Qd3 c5 11. Bg5 Nd7 12. Rad1 Rc8 13. d5 Qe8 14. Qe3 f6 15. Bf4 Ne5 16. Nxe5 fxe5 17. Bg5 Rd8 18. Bg4 Ba6 19. Rfe1 Rd6 20. Be6+ Kh8 21. Bh6 Qa4 22. Bxg7+ Kxg7 23. Qg5 Qxa2 24. Qxe7+ 1-0

[Event "Alushta 01"]
[Site "Alushta"]
[Date "2007.09.??"]
[Round "2"]
[White "Simonian, Hrair"]
[Black "Kolesnikov, Evgeny"]
[Result "1/2-1/2"]
[WhiteElo "2390"]
[BlackElo "2383"]
[PlyCount "135"]
[EventDate "2007.09.??"]
[EventType "tourn"]
[EventRounds "15"]
[EventCountry "UKR"]
[EventCategory "6"]
[SourceTitle "EXT 2009"]
[Source "ChessBase"]
[SourceDate "2008.11.26"]
[SourceVersion "1"]
[SourceVersionDate "2008.11.26"]
[SourceQuality "1"]

1. e4 c5 2. Nc3 e6 3. Nf3 a6 4. d4 cxd4 5. Nxd4 Qc7 6. Bd3 Nf6 7. 0-0 b5 8. Re1 Bb7 9. e5 Nd5 10. Nxd5 Bxd5 11. Qg4 Nc6 12. Nxc6 Qxc6 13. a4 b4 14. Bg5 h6 15. Bd2 h5 16. Qh3 g5 17. Bxg5 Rg8 18. Qxh5 Bxg2 19. Re3 Be7 20. Rg3 Bh1 21. Bf1 Bxg5 22. Rxg5 0-0-0 23. Re1 Bf3 24. Qh4 Qxc2 25. Bxa6+ Kc7 26. Rg3 Qd2 27. Re3 Bc6 28. Bf1 Qxb2 29. a5 Rh8 30. Qf4 Rh5 31. Rb3 Qxe5 32. Qxb4 Qxa5 33. Qf4+ Qe5 34. Qb4 Qc5 35. Qf4+ e5 36. Qf6 Rdh8 37. h3 Qd5 38. Rbf3 Qe6 39. Qxe6 fxe6 40. Ra3 Rb8 41. Bg2 d5 42. Rgc3 e4 43. Kh2 Rf5 44. Rc2 Rb6 45. h4 Kd6 46. Rh3 Rb8 47. Ra3 Rb6 48. Rh3 d4 49. h5 d3 50. Rd2 Rbb5 51. h6 Rh5 52. f3 Rxh3+ 53. Kxh3 Rh5+ 54. Kg4 Rxh6 55. fxe4 Ke5 56. Bf1 Bxe4 57. Bxd3 Rg6+ 58. Kh5 Rg3 59. Bc4 Bd5 60. Ba6 Kf4 61. Rd4+ Kf5 62. Kh4 Ra3 63. Bc8 Ke5 64. Rd1 Ra8 65. Re1+ Kf4 66. Rf1+ Bf3 67. Rxf3+ Kxf3 68. Bxe6 1/2-1/2

[Event "Izmailov Memorial op 11th"]
[Site "Tomsk"]
[Date "2007.??.??"]
[Round "?"]
[White "Kolesnikov, Evgeny"]
[Black "Nevostrujev, Vladimir"]
[Result "1/2-1/2"]
[WhiteElo "2391"]
[BlackElo "2484"]
[PlyCount "80"]
[EventDate "2007.06.25"]
[EventType "swiss"]
[EventRounds "9"]
[EventCountry "RUS"]
[SourceTitle "EXT 2008"]
[Source "ChessBase"]
[SourceDate "2007.11.25"]
[SourceVersion "1"]
[SourceVersionDate "2007.11.25"]
[SourceQuality "1"]

1. d4 Nf6 2. c4 g6 3. Nc3 d5 4. cxd5 Nxd5 5. e4 Nxc3 6. bxc3 Bg7 7. Nf3 0-0 8. Be2 c5 9. Rb1 cxd4 10. cxd4 Qa5+ 11. Bd2 Qxa2 12. 0-0 b6 13. Bg5 Ba6 14. Bxa6 Qxa6 15. Bxe7 Re8 16. Bd6 Nc6 17. e5 Rad8 18. Ng5 Qc4 19. Rc1 Qd5 20. Nxf7 Rc8 21. Ng5 Nxd4 22. Qg4 Nf5 23. Qa4 b5 24. Rxc8 Rxc8 25. Qa6 Rc6 26. Qxa7 Nxd6 27. exd6 Rxd6 28. h4 Rd7 29. Qa6 Rd6 30. Qa7 h6 31. Nf3 Kh7 32. Re1 Re6 33. Rc1 Rc6 34. Re1 Re6 35. Rc1 Rc6 36. Re1 Qc5 37. Qd7 Rc7 38. Qd8 Rc8 39. Qd7 Rc7 40. Qd8 Rc8 1/2-1/2

[Event "RUS-chT2 13th"]
[Site "Sochi"]
[Date "2006.04.26"]
[Round "7"]
[White "Kolesnikov, Evgeny"]
[Black "Bocharov, Dmitry"]
[Result "1/2-1/2"]
[WhiteElo "2381"]
[BlackElo "2559"]
[PlyCount "84"]
[EventDate "2006.04.20"]
[EventType "team"]
[EventRounds "11"]
[EventCountry "RUS"]
[SourceTitle "EXT 2007"]
[Source "ChessBase"]
[SourceDate "2006.11.23"]
[SourceVersion "1"]
[SourceVersionDate "2006.11.23"]
[SourceQuality "1"]

1. d4 d6 2. Nf3 Bg4 3. Nc3 Bxf3 4. exf3 d5 5. Bd3 g6 6. 0-0 Bg7 7. Re1 e6 8. Bf4 Ne7 9. Be5 Bxe5 10. dxe5 0-0 11. f4 c5 12. Nb5 c4 13. Bf1 Nbc6 14. Nd6 Nc8 15. Nxc8 Rxc8 16. a4 a6 17. Ra3 b5 18. axb5 axb5 19. Rh3 Kg7 20. Qg4 Nd4 21. Qd1 Nc6 22. Qd2 h5 23. Rg3 Ne7 24. Be2 Rh8 25. Ra1 Ra8 26. Rxa8 Qxa8 27. Ra3 Qb7 28. Qb4 Nf5 29. h3 Ra8 30. g4 hxg4 31. hxg4 Nd4 32. Bd1 Nc6 33. Qd6 Rxa3 34. bxa3 Ne7 35. c3 Qa7 36. Bc2 Nc8 37. Qd8 Qxa3 38. f5 exf5 39. gxf5 Qc1+ 40. Kg2 Qxc2 41. Qf6+ Kg8 42. Qd8+ Kg7 1/2-1/2

[Event "RUS-chT2 13th"]
[Site "Sochi"]
[Date "2006.04.24"]
[Round "5"]
[White "Kolesnikov, Evgeny"]
[Black "Pogromsky, Mikhail"]
[Result "0-1"]
[WhiteElo "2381"]
[BlackElo "2363"]
[PlyCount "78"]
[EventDate "2006.04.20"]
[EventType "team"]
[EventRounds "11"]
[EventCountry "RUS"]
[SourceTitle "EXT 2007"]
[Source "ChessBase"]
[SourceDate "2006.11.23"]
[SourceVersion "1"]
[SourceVersionDate "2006.11.23"]
[SourceQuality "1"]

1. d4 Nf6 2. c4 e6 3. Nc3 Bb4 4. Bg5 h6 5. Bh4 c5 6. d5 exd5 7. cxd5 0-0 8. e3 d6 9. Bd3 Nbd7 10. Nge2 Ne5 11. Bc2 Ng6 12. Bg3 Nh5 13. Qd3 f5 14. 0-0 Nxg3 15. Nxg3 Ne5 16. Qe2 Bxc3 17. bxc3 Qh4 18. Qe1 b6 19. f4 Ng6 20. e4 Nxf4 21. Nxf5 Qg5 22. g3 Bxf5 23. Rxf4 Bg6 24. Qe3 Rf6 25. Raf1 Re8 26. Kg2 Rxf4 27. Rxf4 b5 28. Qf3 Qe5 29. h4 b4 30. cxb4 cxb4 31. Kh3 h5 32. Qf2 Rc8 33. Ba4 Rc1 34. Qf3 Qa1 35. Qf2 Rh1+ 36. Kg2 Rb1 37. Be8 Bxe8 38. Rf8+ Kh7 39. Qf5+ Bg6 0-1

[Event "RUS-chT2 13th"]
[Site "Sochi"]
[Date "2006.04.23"]
[Round "4"]
[White "Chebotarev, Oleg"]
[Black "Kolesnikov, Evgeny"]
[Result "1-0"]
[WhiteElo "2493"]
[BlackElo "2381"]
[PlyCount "75"]
[EventDate "2006.04.20"]
[EventType "team"]
[EventRounds "11"]
[EventCountry "RUS"]
[SourceTitle "EXT 2007"]
[Source "ChessBase"]
[SourceDate "2006.11.23"]
[SourceVersion "1"]
[SourceVersionDate "2006.11.23"]
[SourceQuality "1"]

1. e4 c5 2. Nf3 e6 3. d4 cxd4 4. Nxd4 a6 5. Bd3 Nf6 6. 0-0 Qc7 7. Qe2 Nc6 8. Nxc6 bxc6 9. c4 e5 10. Nc3 Be7 11. Na4 0-0 12. c5 a5 13. Be3 Rb8 14. Rac1 Ne8 15. b3 Qa7 16. Bc4 Nc7 17. Qh5 Bf6 18. Bg5 Bxg5 19. Qxg5 Re8 20. Rc3 Ba6 21. Rg3 g6 22. Bxa6 Qxa6 23. Rf3 Ne6 24. Qxe5 Qe2 25. Nb6 Qd2 26. Qf6 Ng5 27. Rf4 h6 28. Nc4 Qxa2 29. h4 Re6 30. Qd4 Nh7 31. Rxf7 Kxf7 32. Qxd7+ Re7 33. Ne5+ Kf6 34. Qd6+ Re6 35. Ng4+ Kf7 36. Qxb8 Qe2 37. Nxh6+ Ke7 38. Qc7+ 1-0

[Event "Moscow Aeroflot op-C"]
[Site "Moscow"]
[Date "2006.02.09"]
[Round "3"]
[White "Kolesnikov, Evgeny"]
[Black "Bakker, Sven"]
[Result "1-0"]
[WhiteElo "2381"]
[BlackElo "2293"]
[PlyCount "71"]
[EventDate "2006.02.07"]
[EventType "swiss"]
[EventRounds "9"]
[EventCountry "RUS"]
[SourceTitle "EXT 2007"]
[Source "ChessBase"]
[SourceDate "2006.11.23"]
[SourceVersion "1"]
[SourceVersionDate "2006.11.23"]
[SourceQuality "1"]

1. d4 Nf6 2. c4 e6 3. Nc3 Bb4 4. e3 c5 5. Bd3 Nc6 6. Nf3 Bxc3+ 7. bxc3 d6 8. e4 e5 9. 0-0 0-0 10. d5 Ne7 11. Ne1 Ng6 12. g3 Qe7 13. Ng2 Bh3 14. Qc2 Rae8 15. Bd2 h6 16. Rae1 Nd7 17. f3 Qd8 18. Rf2 Bxg2 19. Rxg2 Kh8 20. Kh1 Rg8 21. Reg1 Ref8 22. h4 Qf6 23. Bg5 hxg5 24. hxg5 Qxg5 25. Rh2+ Qh6 26. Rxh6+ gxh6 27. Qa4 Nf6 28. Qxa7 Ra8 29. Qxb7 Rxa2 30. Qxf7 Nh5 31. Qe6 Rd2 32. Bf1 Kh7 33. Bh3 Ng7 34. Qxd6 Ra8 35. Bf5 Nxf5 36. exf5 1-0

[Event "RUS-chT Clubs"]
[Site "Sochi"]
[Date "2005.04.20"]
[Round "5"]
[White "Kolesnikov, Evgeny"]
[Black "Ionov, Sergey"]
[Result "1/2-1/2"]
[WhiteElo "2328"]
[BlackElo "2527"]
[PlyCount "34"]
[EventDate "2005.04.19"]
[EventType "team"]
[EventRounds "9"]
[EventCountry "RUS"]
[SourceTitle "EXT 2006"]
[Source "ChessBase"]
[SourceDate "2005.11.24"]
[SourceVersion "1"]
[SourceVersionDate "2005.11.24"]
[SourceQuality "1"]

1. d4 Nf6 2. c4 e6 3. Nc3 Bb4 4. e3 c5 5. Nge2 cxd4 6. exd4 0-0 7. a3 Be7 8. Nf4 d6 9. Be2 e5 10. Nfd5 Nxd5 11. Nxd5 Nc6 12. dxe5 dxe5 13. Be3 Bg5 14. 0-0 Be6 15. Bf3 Bxe3 16. fxe3 f5 17. Qb3 Rf7 1/2-1/2

[Event "RUS-chT Clubs"]
[Site "Sochi"]
[Date "2005.04.20"]
[Round "4"]
[White "Turov, Maxim"]
[Black "Kolesnikov, Evgeny"]
[Result "1-0"]
[WhiteElo "2522"]
[BlackElo "2328"]
[PlyCount "53"]
[EventDate "2005.04.19"]
[EventType "team"]
[EventRounds "9"]
[EventCountry "RUS"]
[SourceTitle "EXT 2006"]
[Source "ChessBase"]
[SourceDate "2005.11.24"]
[SourceVersion "1"]
[SourceVersionDate "2005.11.24"]
[SourceQuality "1"]

1. e4 c5 2. Nf3 e6 3. d4 cxd4 4. Nxd4 a6 5. Bd3 Nf6 6. 0-0 Qc7 7. Qe2 d6 8. c4 Nbd7 9. f4 Be7 10. Kh1 b6 11. Nc3 Bb7 12. f5 e5 13. Nf3 0-0 14. Bd2 Nc5 15. Rac1 Rfc8 16. Bb1 Qd7 17. b3 b5 18. b4 Na4 19. Nxa4 bxa4 20. Rfd1 Qc6 21. Bg5 a5 22. b5 Qc5 23. Ne1 h6 24. Bh4 Rc7 25. Bf2 Qa3 26. Be3 Nd7 27. Rd3 1-0

[Event "EU-ch U16"]
[Site "Urgup"]
[Date "2004.07.??"]
[Round "1"]
[White "Kolesnikov, Evgeny"]
[Black "Seyhanoglu, Deniz"]
[Result "1-0"]
[WhiteElo "2316"]
[BlackElo "1976"]
[PlyCount "61"]
[EventDate "2004.08.??"]
[EventType "swiss"]
[EventRounds "9"]
[EventCountry "TUR"]
[SourceTitle "EXT 2005"]
[Source "ChessBase"]
[SourceDate "2004.11.15"]
[SourceVersion "1"]
[SourceVersionDate "2004.11.15"]
[SourceQuality "1"]

1. d4 d5 2. c4 c6 3. Nc3 Nf6 4. e3 a6 5. Nf3 b5 6. b3 Bg4 7. Be2 Nbd7 8. 0-0 e6 9. h3 Bh5 10. Bb2 Bd6 11. Rc1 0-0 12. Ne5 Bxe2 13. Nxe2 bxc4 14. bxc4 c5 15. Nxd7 Qxd7 16. dxc5 Be7 17. cxd5 Qxd5 18. Bxf6 Qxd1 19. Rfxd1 Bxf6 20. c6 Rfd8 21. Rxd8+ Rxd8 22. Rb1 Be5 23. f4 Bc7 24. Nd4 Rb8 25. Rb7 Bd6 26. Rd7 Bf8 27. Ra7 g5 28. fxg5 e5 29. Nf5 Rb6 30. Nh6+ Kg7 31. Rxf7+ 1-0